[Event "ESP-ch U12"]
[Site "Salobrena"]
[Date "2021.07.07"]
[Round "5"]
[White "Rojas Fernandez, Antonio"]
[Black "Aguado Vila, Jesus"]
[Result "1/2-1/2"]
[WhiteElo "1694"]
[BlackElo "1358"]
[PlyCount "66"]
[EventDate "2021.07.05"]
[EventType "swiss"]
[EventRounds "9"]
[EventCountry "ESP"]
[SourceTitle "EXT 2022"]
[Source "ChessBase"]
[SourceDate "2021.10.06"]
[SourceVersion "1"]
[SourceVersionDate "2021.10.06"]
[SourceQuality "1"]

1. e4 c5 2. b3 Nc6 3. Bb2 d6 4. Bb5 e6 5. f4 Nf6 6. Nc3 Qb6 7. Bxc6+ Qxc6 8. Qe2 Bd7 9. Nf3 a6 10. a4 Be7 11. 0-0 0-0 12. Kh1 Rfd8 13. Rae1 Bf8 14. e5 Nd5 15. Nxd5 exd5 16. d4 Re8 17. Qf2 c4 18. Ba3 dxe5 19. Bxf8 Kxf8 20. Nxe5 Qc7 21. Qh4 Kg8 22. Qh5 Bc6 23. f5 f6 24. Nxc6 Qxc6 25. Qf3 cxb3 26. cxb3 Rxe1 27. Rxe1 Kf8 28. h3 Re8 29. Rxe8+ Kxe8 30. Qg3 Kf7 31. Qf3 Qc1+ 32. Kh2 Qc7+ 33. Qg3 Qc6 1/2-1/2

[Event "ESP-chT Regional U14"]
[Site "Gijon"]
[Date "2021.06.18"]
[Round "3.2"]
[White "Aguado Vila, Jesus"]
[Black "Ortega Martinez, Javier"]
[Result "1/2-1/2"]
[WhiteElo "1325"]
[BlackElo "1161"]
[PlyCount "105"]
[EventDate "2021.06.17"]
[EventType "team-swiss"]
[EventRounds "6"]
[EventCountry "ESP"]
[SourceTitle "EXT 2022"]
[Source "ChessBase"]
[SourceDate "2021.10.06"]
[SourceVersion "1"]
[SourceVersionDate "2021.10.06"]
[SourceQuality "1"]
[WhiteTeam "Extremadura U14"]
[BlackTeam "La Rioja U14"]
[WhiteTeamCountry "ESP"]
[BlackTeamCountry "ESP"]

1. e4 e5 2. Nf3 Nc6 3. d4 exd4 4. Nxd4 Nf6 5. Nc3 Bb4 6. Nxc6 bxc6 7. Bd3 d5 8. exd5 cxd5 9. Bd2 0-0 10. 0-0 Re8 11. a3 Bd6 12. h3 Bb7 13. Nb5 Ne4 14. Nxd6 Qxd6 15. Bxe4 Rxe4 16. Re1 Rae8 17. Qf3 R8e6 18. Rad1 Qe7 19. Rxe4 Rxe4 20. Qb3 c5 21. Qg3 Qe5 22. Qxe5 Rxe5 23. Kf1 Kf8 24. Re1 Ba6+ 25. Kg1 Rxe1+ 26. Bxe1 Ke7 27. f3 Ke6 28. Kf2 d4 29. g3 Kd5 30. Bd2 c4 31. Bf4 Bc8 32. h4 Bf5 33. c3 d3 34. Be3 a6 35. Bd4 g6 36. Ke3 Bd7 37. Bf6 Be6 38. Bd4 Kc6 39. Kd2 Kb5 40. Be3 Ka4 41. Kc1 Kb3 42. Bd2 Bd5 43. f4 Bf3 44. Be3 h5 45. Bd2 Ka4 46. Be3 Kb5 47. Kd2 Kc6 48. Ke1 Kd5 49. Kf2 Ke4 50. Bd2 Bd1 51. Bc1 Kf5 52. Bd2 Kg4 53. Be3 1/2-1/2